000 01517namaa22003251i 4500
005 20260406133309.0
008 260223s1994 ua a|||fr|m|| 000 0 eng d
040 _aEG-GICUC
_beng
_cEG-GICUC
_dEG-GICUC
_erda
041 0 _aeng
_beng
_bara
049 _aDeposit
097 _aPh.D
099 _aCai01.13.11.Ph.D.1994.Do.E
100 0 _aDoried Mohammed Mokhtar ,
_epreparation.
245 1 0 _aAn experimental study of statically loaded hydrostatic thrust bearings /
_cBy Doried Mohammed Mokhtar; Supervised .Prof.Dr. Zeinab.S.Safar, Prof.Dr. Mokhtar. O . Abas Mokhtar, Dr. Tarek Abd El- Sadek Osman
246 1 5 _aدراسة عملية عن سلوك كرلس للمحاور الايدروستاتيكية التزليق والمحملة استاتكيا
264 0 _c1994.
300 _a117 Pages :
_billustrations ;
_c25 cm. +
336 _2rda content
_atext
337 _2rdamedia
_aUnmediated
338 _2rdacarrier
_avolume
502 _aThesis (Ph.D)-Cairo University, 1994
504 _aBibliography: pages 111 : 117
653 0 _aAn experimental statically
_aloaded hydrostatic
_athrust bearings
700 0 _aZeinab.S.Safar
_ethesis advisor.
700 0 _aMokhtar. O . Abas Mokhtar
_ethesis advisor.
700 0 _aTarek Abd El- Sadek Osman
_ethesis advisor.
900 _DDepartment of Mechanical
_FFaculty of Engineering
_UCairo University
_b1994
_cZeinab.S.Safar
_cMokhtar. O . Abas Mokhtar
_cTarek Abd El- Sadek Osman
_dZeinab.S.Safar
905 _aNagat
_eNourhan
942 _2ddc
_cTH
_e21
_n0
999 _c178650